000
00270nam a22001097a 4500
082
_a
503 HAR'N
100
_a
NEWMAN, J.R
_9
57299
245
_a
THE HARPER ENCYCLOPEDIA OF SCIENCE VOLUME - 1 A THROUGH D
260
_a
NEWYORK
_b
HARPER
_c
1963
300
_a
342P
942
_c
BK
999
_c
567595
_d
567595